Towards neo-politics: the World of Bulihuail (Record no. 22274)

MARC details
000 -LEADER
fixed length control field 00425nam a2200157Ia 4500
082 ## - DEWEY DECIMAL CLASSIFICATION NUMBER
Classification number 320.01 JUN-;
100 ## - MAIN ENTRY--AUTHOR NAME
Personal name Jung-Ki, Park
245 #0 - TITLE STATEMENT
Title Towards neo-politics: the World of Bulihuail
260 ## - PUBLICATION, DISTRIBUTION, ETC. (IMPRINT)
Place of publication Seoul
Name of publisher Mun Mu Publications
Year of publication 1995
300 ## - PHYSICAL DESCRIPTION
Number of Pages 321p.
504 ## - BIBLIOGRAPHY, ETC. NOTE
Bibliography, etc Includes index
650 ## - SUBJECT ADDED ENTRY--TOPICAL TERM
Topical Term Political science - History
650 ## - SUBJECT ADDED ENTRY--TOPICAL TERM
Topical Term Political science - Philosophy
650 ## - SUBJECT ADDED ENTRY--TOPICAL TERM
Topical Term Political development
942 ## - ADDED ENTRY ELEMENTS (KOHA)
Koha item type Books
Holdings
Withdrawn status Lost status Damaged status Not for loan Home library Current library Date acquired Bill Date Full call number Accession Number Price effective from Koha item type
        NASSDOC Library NASSDOC Library 08/06/2004 2008-12-30 320.01 JUN-; 35904 18/04/2019 Books